000
00209 a2200085 4500
020
_a
9781032281001
100
_a
Philip James, Ian Douglas
245
_a
Urban Ecology An Introduction
260
_b
Routledge
_c
2024
999
_c
13134
_d
13134